Countries that Have Controlled Corsica - Statistics

General Stats
  • This quiz has been taken 299 times
  • The average score is 14 of 22
Answer Stats
Period Country % Correct
1553 - 1559 France
98%
1769 - 1794 France
98%
1796 - 1942 France
98%
1943 - France
98%
930 - 965 Italy
97%
1942 - 1943 Italy
97%
273BC - 725 Roman Empire / Byzantine Empire
93%
1943 - 1943 Germany
83%
1794 - 1796 Great Britain
71%
1284 - 1296 Genoa
66%
1434 - 1553 Genoa
66%
1559 - 1755 Genoa
66%
1755 - 1769 Corsica
60%
888 - 930 Holy Roman Empire
56%
965 - 1077 Holy Roman Empire
56%
1296 - 1434 Aragon
44%
1077 - 1090 Papal States
32%
1217 - 1284 Papal States
32%
774 - 800 Frankish Empire
31%
1090 - 1284 Pisa
30%
725 - 774 Lombardy
21%
800 - 888 Carolingian Empire
7%
No matching quizzes found
Score Distribution
Percent of People with Each Score
Percentile by Number Answered
Your Score History
You have not taken this quiz